Normal view
MARC view
Entry Personal Name
001 - CONTROL NUMBER
- control field: 3821
003 - CONTROL NUMBER IDENTIFIER
- control field: OSt
005 - DATE AND TIME OF LATEST TRANSACTION
- control field: 20211028141611.0
008 - FIXED-LENGTH DATA ELEMENTS
- fixed length control field: 211028|| aca||aabn | a|a d
040 ## - CATALOGING SOURCE
- Original cataloging agency: OSt
- Transcribing agency: OSt
100 ## - HEADING--PERSONAL NAME
- Personal name: Ullal, R Rithesh; Prabhu, Aravind.
- Miscellaneous information: 101731
670 ## - SOURCE DATA FOUND
- Source citation: Work cat.: (OSt): Ullal, R Rithesh; Prabhu, Aravind. 101731, Automation of demand fullfilment and order processing., 2013